Postcolonial studies : (Record no. 22584)
[ view plain ]
| 000 -LEADER | |
|---|---|
| fixed length control field | 01328cam a22003615a 4500 |
| 001 - CONTROL NUMBER | |
| control field | 17588152 |
| 005 - DATE AND TIME OF LATEST TRANSACTION | |
| control field | 20161015134249.0 |
| 008 - FIXED-LENGTH DATA ELEMENTS--GENERAL INFORMATION | |
| fixed length control field | 130111s2013 enk frb 001 0 eng d |
| 010 ## - LIBRARY OF CONGRESS CONTROL NUMBER | |
| LC control number | 2012049016 |
| 020 ## - INTERNATIONAL STANDARD BOOK NUMBER | |
| International Standard Book Number | 9780415661904 (hbk : alk. paper) |
| 020 ## - INTERNATIONAL STANDARD BOOK NUMBER | |
| International Standard Book Number | 9780415661911 (pbk : alk. paper) |
| 040 ## - CATALOGING SOURCE | |
| Original cataloging agency | DLC |
| Language of cataloging | eng |
| Transcribing agency | DLC |
| Modifying agency | DLC |
| -- | EG-ScBUE |
| 082 04 - DEWEY DECIMAL CLASSIFICATION NUMBER | |
| Classification number | 325.303 |
| Item number | ASH |
| Edition number | 22 |
| 100 1# - MAIN ENTRY--PERSONAL NAME | |
| Personal name | Ashcroft, Bill, |
| Dates associated with a name | 1946- |
| 9 (RLIN) | 37057 |
| 245 10 - TITLE STATEMENT | |
| Title | Postcolonial studies : |
| Remainder of title | the key concepts / |
| Statement of responsibility, etc | Bill Ashcroft, Gareth Griffiths and Helen Tiffin. |
| 246 33 - VARYING FORM OF TITLE | |
| Title proper/short title | Key concepts in post-colonial studies |
| 250 ## - EDITION STATEMENT | |
| Edition statement | 3rd ed. |
| 260 ## - PUBLICATION, DISTRIBUTION, ETC. (IMPRINT) | |
| Place of publication, distribution, etc | Abingdon : |
| Name of publisher, distributor, etc | Routledge, Taylor & Francis Group, |
| Date of publication, distribution, etc | 2013. |
| 300 ## - PHYSICAL DESCRIPTION | |
| Extent | xii, 355 p. ; |
| Dimensions | 22 cm. |
| 490 0# - Series Statement | |
| Series statement | Routledge Key Guides |
| 500 ## - GENERAL NOTE | |
| General note | Previous ed. published under title: Key concepts in post-colonial studies. |
| 504 ## - BIBLIOGRAPHY, ETC. NOTE | |
| Bibliography, etc | Includes bibliographical references (pages 286-341) and index. |
| 650 #0 - SUBJECT ADDED ENTRY--TOPICAL TERM | |
| Topical term or geographic name as entry element | Colonies |
| Form subdivision | Dictionaries. |
| Source of heading or term | BUEsh |
| 650 #0 - SUBJECT ADDED ENTRY--TOPICAL TERM | |
| Topical term or geographic name as entry element | Decolonization |
| Form subdivision | Dictionaries. |
| Source of heading or term | BUEsh |
| 650 #0 - SUBJECT ADDED ENTRY--TOPICAL TERM | |
| Topical term or geographic name as entry element | Postcolonialism |
| Form subdivision | Dictionaries. |
| Source of heading or term | BUEsh |
| 650 #0 - SUBJECT ADDED ENTRY--TOPICAL TERM | |
| Topical term or geographic name as entry element | Ethnic attitudes |
| Form subdivision | Dictionaries. |
| Source of heading or term | BUEsh |
| 650 #0 - SUBJECT ADDED ENTRY--TOPICAL TERM | |
| Topical term or geographic name as entry element | Race relations |
| Form subdivision | Dictionaries. |
| Source of heading or term | BUEsh |
| 651 ## - SUBJECT ADDED ENTRY--GEOGRAPHIC NAME | |
| Source of heading or term | BUEsh |
| 653 ## - INDEX TERM--UNCONTROLLED | |
| Resource For college | Humanities: English |
| Arrived date list | October2016 |
| 700 1# - ADDED ENTRY--PERSONAL NAME | |
| Personal name | Griffiths, Gareth, |
| Dates associated with a name | 1943- |
| 700 1# - ADDED ENTRY--PERSONAL NAME | |
| Personal name | Tiffin, Helen. |
| 942 ## - ADDED ENTRY ELEMENTS (KOHA) | |
| Source of classification or shelving scheme | Dewey Decimal Classification |
| Withdrawn status | Item status | Source of classification or shelving scheme | Damaged status | Not for loan | Vendor | Home library | Current library | Shelving location | Date acquired | Source of acquisition | Cost, normal purchase price | Serial Enumeration / chronology | Total Checkouts | Total Renewals | Full call number | Barcode | Date last seen | Date last borrowed | Cost, replacement price | Koha item type |
|---|---|---|---|---|---|---|---|---|---|---|---|---|---|---|---|---|---|---|---|---|
| Dewey Decimal Classification | Academic Bookshop | Central Library | Central Library | First floor | 15/10/2016 | Purchase | 216.00 | 9118 | 2 | 11 | 325.303 ASH | 000034068 | 15/07/2025 | 08/03/2025 | 270.00 | Book - Borrowing |